| 000 | 00357nam a2200133Ia 4500 | ||
|---|---|---|---|
| 008 | 230312s9999||||xx |||||||||||||| ||und|| | ||
| 082 |
_a382 _bFIN |
||
| 245 | 0 | _aInstitute of Chartered Accountants of Pakistan | |
| 260 |
_bAt Foulks Lynch Ltd _aUK |
||
| 300 | _a306 | ||
| 546 | _aEng. | ||
| 650 |
_aManagement _vConsolidated Balance Sheet |
||
| 942 | _cBK | ||
| 999 |
_c1954 _d1954 |
||